000 01025nac a22002771u 4500
010 _a 97026105
020 _a007021672X (hc)
020 _a0070218986 (sc)
082 0 0 _a690.16
_bFLE.
090 _c5379
_d5379
100 _aFleming, Peter,
245 1 0 _aBuilder's guide to floors /
_cPeter Fleming.
260 _aNew York :
_bMcGraw Hill,c.1997.
_cc.1997.
300 _axvii, 301 p. :
_bill. ;
_c24 cm.
440 0 _aBuilder's guide series
500 _aIncludes index.
500 _aDistributer : Al Ahram.
511 _aCatalogued By : Mahitab.
650 0 _aFloors
_xDesign and construction.
650 0 _aFlooring.
650 0 _aFloor coverings.
856 4 2 _3Publisher description
_uhttp://www.loc.gov/catdir/description/mh023/97026105.html
856 4 2 _3Table of contents
_uhttp://www.loc.gov/catdir/toc/mh022/97026105.html
942 _cBB
_k690.16FLE.
999 _c5379
_d5379